| 000 | 00673nam a2200193 i 4500 | ||
|---|---|---|---|
| 001 | 188855 | ||
| 003 | ES-MaACL | ||
| 005 | 20250905063057.0 | ||
| 008 | 190219s1964 sp |||| | cat d | ||
| 100 | 1 |
_aCain, James M., _d1892-1977 _933470 |
|
| 245 | 1 | 3 |
_aEl carter sempre truca dues vegades / _cJames M. Cain ; [traducció de Manuel de Pedrolo]. |
| 260 |
_aBarcelona : _bEdiciones 62, _c[1964] |
||
| 300 |
_a104 p. ; _c18 cm. |
||
| 490 | 1 |
_aCol·lecció "La Cua de Palla" ; _v12 |
|
| 700 | 1 |
_aPedrolo, Manuel de, _d1918-1991 _989937 |
|
| 830 | 0 |
_aCol·lecció "La Cua de Palla" ; _v12 _9193174 |
|
| 852 |
_aES-MaACL _jP-507-Bis-12 |
||
| 999 |
_c188855 _d188855 |
||